Foundations of fluid mechanics /
Guardado en:
| Autor Principal: | |
|---|---|
| Formato: | Libro |
| Idioma: | English |
| Publicado: |
Englewood Cliffs, N.J. :
Prentice-Hall,
c1967.
|
| Series: | Prentice-Hall civil engineering and engineering mechanics series.
|
| Materias: | |
| Etiquetas: |
Agregar Etiqueta
Sin Etiquetas, Sea el primero en etiquetar este registro!
|
| LEADER | 00798nam a22002175a 4500 | ||
|---|---|---|---|
| 001 | EIQ.libpla003227 | ||
| 008 | 831212s1967####njua#####b####000#0#eng#d | ||
| 005 | 20071109145736.0 | ||
| 245 | 1 | 0 | |a Foundations of fluid mechanics / |c [by] S.W. Yuan. |
| 260 | |a Englewood Cliffs, N.J. : |b Prentice-Hall, |c c1967. | ||
| 300 | |a xxii, 608 p. : |b il. ; |c 24 cm. | ||
| 490 | 1 | |a Civil engineering and engineering mechanics series | |
| 504 | |a Bibliografía: p. 528-534. | ||
| 100 | 1 | |a Yuan, S. W. |q (Shao Wen), |d 1914- | |
| 830 | 0 | |a Prentice-Hall civil engineering and engineering mechanics series. | |
| 082 | 0 | 0 | |a 532 |
| 650 | 4 | |a Procesos |x Dinámica de fluídos. | |
| 650 | 4 | |a Processes |x Fluid dynamics. | |
| 010 | |a 67014735 | ||
| 040 | |a DLC/ICU |c ICU |d DLC |d AR-BbSID | ||
| 859 | |a AR-BbSID |b BIB. PLAPIQUI |h 620.106 |i Y 9 |p 731 | ||
